HORTICULTRAL REVIEWS (Record no. 32614)

MARC details
000 -LEADER
fixed length control field 00364nam a22001577a 4500
003 - CONTROL NUMBER IDENTIFIER
control field OSt
005 - DATE AND TIME OF LATEST TRANSACTION
control field 20220311090955.0
008 - FIXED-LENGTH DATA ELEMENTS--GENERAL INFORMATION
fixed length control field 220311b |||||||| |||| 00| 0 eng d
020 ## - INTERNATIONAL STANDARD BOOK NUMBER
International Standard Book Number 0870554921
040 ## - CATALOGING SOURCE
Transcribing agency HU
082 ## - DEWEY DECIMAL CLASSIFICATION NUMBER
Classification number 635/.05HOR 1985
245 ## - TITLE STATEMENT
Title HORTICULTRAL REVIEWS
260 ## - PUBLICATION, DISTRIBUTION, ETC.
Place of publication, distribution, etc. U.S.A
Name of publisher, distributor, etc. AVI
Date of publication, distribution, etc. 1985
300 ## - PHYSICAL DESCRIPTION
Extent ix 570 p
Dimensions 23
Type of unit hc
942 ## - ADDED ENTRY ELEMENTS (KOHA)
Source of classification or shelving scheme Dewey Decimal Classification
Koha item type Books like text book referance book
Suppress in OPAC No
Holdings
Withdrawn status Lost status Source of classification or shelving scheme Damaged status Not for loan Collection code Home library Current library Shelving location Date acquired Total Checkouts Full call number Barcode Date last seen Price effective from Koha item type
    Dewey Decimal Classification     Non-fiction Wondo Genet Library Wondo Genet Library General Stacks 03/11/2022   635/.05HOR 1985 WGCFNRL00013034 03/11/2022 03/11/2022 Books like text book referance book